Catalog

Record Details

Catalog Search



Children of the western plains : the ... Read More

Available copies

  • 1 of 1 copy available at LARL/NWRL Consortium.
  • 1 of 1 copy available at Lake Agassiz Regional Library. (Show preferred library)

Current holds

0 current holds with 1 total copy.

Show Only Available Copies
Location Call Number / Copy Notes Barcode Shelving Location Status Due Date
Moorhead Public Library 978.02 Hol (Text) 33500007877749 Main Available -

Record details

  • ISBN: 1566635403
  • Physical Description: 224 p. : ill. ; 24 cm.
  • Publisher: Chicago : Ivan R. Dee, 2003.

Content descriptions

Bibliography, etc. Note:
Includes bibliographical references (p. 177-203) ... Read More
Subject: Children > Great Plains > Biography.
Children > Great Plains > History > 19th century.
Frontier and pioneer life > Great Plains.
Immigrant children > Great Plains > Biography.
Immigrant children > Great Plains > History > 19th century.
Pioneer children > Great Plains > Biography.
Pioneer children > Great Plains > History > 19th century.
Great Plains > Social conditions > 19th century.
Great Plains > Social life and customs > 19th century.
LDR 01569cam a2200361 a 4500
00139579
003LARL_NWRL_CONSORTIUM
00520031003113641.0
008030307s2003 ilua b 001 0deng
020 . ‡a1566635403
035 . ‡a(OCoLC)51898942
03500. ‡ilcmarc/BBE-2736/LARLTECH
08200. ‡a978/.02/083 ‡221
092 . ‡a978.02 ‡bHol
1001 . ‡aHolt, Marilyn Irvin, ‡d1949- ‡0(LARL_NWRL_CONSORTIUM)105332
24510. ‡aChildren of the western plains : ‡bthe nineteenth-century experience / ‡cMarilyn Irvin Holt.
260 . ‡aChicago : ‡bIvan R. Dee, ‡c2003.
300 . ‡a224 p. : ‡bill. ; ‡c24 cm.
4900 . ‡aAmerican childhoods
504 . ‡aIncludes bibliographical references (p. 177-203) and index.
650 0. ‡aChildren ‡zGreat Plains ‡vBiography.
650 0. ‡aChildren ‡zGreat Plains ‡xHistory ‡y19th century.
650 0. ‡aFrontier and pioneer life ‡zGreat Plains.
650 0. ‡aImmigrant children ‡zGreat Plains ‡vBiography.
650 0. ‡aImmigrant children ‡zGreat Plains ‡xHistory ‡y19th century.
650 0. ‡aPioneer children ‡zGreat Plains ‡vBiography.
650 0. ‡aPioneer children ‡zGreat Plains ‡xHistory ‡y19th century.
651 0. ‡aGreat Plains ‡xSocial conditions ‡y19th century.
651 0. ‡aGreat Plains ‡xSocial life and customs ‡y19th century.
901 . ‡a39579 ‡bOCLC ‡c39579 ‡tbiblio

Additional Resources